| 000 | 00424nam a2200145 a 4500 | ||
|---|---|---|---|
| 005 | 20140414131920.0 | ||
| 008 | 100701s19uu xx 00 eng d | ||
| 020 | _a0-570-06009-5 | ||
| 050 |
_aM 220.9 _bL34 1965 |
||
| 100 | _aLatourette, Jane | ||
| 245 |
_aThe story of Noah's ark : _bGenesis 6:5-9:17 for children. |
||
| 260 |
_aSt. Louis Missouri : _bConcordia, _c1965. |
||
| 650 | _aBible stories--O.T. | ||
| 999 |
_c111681 _d111681 |
||